=LDR 00000nam 2200000 4500 =001 INLIS000000000015945 =005 20130612111224 =008 ***********************************Ind** =035 ##$$0010-061300000015945 =041 ##$$a Ind =082 ##$$a 398.9 =090 ##$$a 398.9, Mar p =100 ##$$a Mardiwarsito, L =245 ##$$a Peribahasa dan Seloka Bahasa Jawa, L. Mardiwarsito =250 ##$$a (Seri BP. No. 3436) =260 ##$$a 1992 $b Jakarta =300 ##$$a 259 hlm., 21 cm =650 ##$$a Peribahasa =850 ##$$a NBPNMAT